[Event "8th Essent op"]
[Site "Hoogeveen NED"]
[Date "2004.10.15"]
[Round "1.2"]
[White "Clemens, Adrian HP"]
[Black "Baklan, Vladimir"]
[Result "1/2-1/2"]
[WhiteElo "2277"]
[BlackElo "2591"]
[EventDate "2004.10.15"]
[PlyCount "80"]

1.d4 Nf6 2.c4 e6 3.Nf3 Bb4+ 4.Bd2 a5 5.g3 d5 6.Bg2 dxc4 7.O-O Nc6 8.e3 Rb8
9.Qe2 b5 10.a4 Ba6 11.Bxb4 axb4 12.Nfd2 Nd5 13.axb5 Bxb5 14.Nxc4 O-O 15.
Qc2 Qe7 16.Nbd2 Rfd8 17.Rfd1 Qe8 18.Nb3 h6 19.Nc5 Nb6 20.Nxb6 cxb6 21.Nd3 
Rbc8 22.Qb3 Qe7 23.Rac1 Bxd3 24.Qxd3 Na5 25.Qa6 Rb8 26.Qb5 Qd6 27.Bf3 Rdc8
28.Kg2 g6 29.h4 b3 30.Re1 Rc7 31.d5 Rc2 32.h5 gxh5 33.Rxc2 bxc2 34.Rc1 Rc8
35.Be4 Qe5 36.Qd3 exd5 37.Bxd5 Kg7 38.Bxf7 Rc6 39.Bd5 Rc5 40.e4 Qxb2 
1/2-1/2

[Event "8th Essent op"]
[Site "Hoogeveen NED"]
[Date "2004.10.15"]
[Round "1.5"]
[White "Romanishin, Oleg"]
[Black "Wempe, Joost"]
[Result "1-0"]
[WhiteElo "2543"]
[BlackElo "2263"]
[EventDate "2004.10.15"]
[PlyCount "51"]

1.d4 d5 2.c4 e6 3.Nf3 c6 4.g3 Nf6 5.Bg2 dxc4 6.O-O b5 7.Ne5 Bb7 8.a4 Qb6 
9.e4 a6 10.Be3 c5 11.axb5 axb5 12.Rxa8 Bxa8 13.Nc3 Nbd7 14.Nxd7 Nxd7 15.d5
b4 16.Na4 Qa6 17.Re1 Be7 18.Bf1 O-O 19.b3 Ne5 20.bxc4 exd5 21.exd5 Qf6 22.
Bf4 Nd7 23.Bh3 Rd8 24.Bc7 Rc8 25.d6 Ne5 26.dxe7 1-0

[Event "8th Essent op"]
[Site "Hoogeveen NED"]
[Date "2004.10.15"]
[Round "1.6"]
[White "Porat, Ido"]
[Black "Erenburg, Sergey"]
[Result "0-1"]
[WhiteElo "2260"]
[BlackElo "2537"]
[EventDate "2004.10.15"]
[PlyCount "60"]

1.d4 d6 2.c4 e5 3.d5 g6 4.e4 Nd7 5.Nc3 a5 6.Nf3 h5 7.Be3 Bh6 8.Qd2 f5 9.
Bxh6 Nxh6 10.exf5 gxf5 11.Ng5 Qe7 12.f4 exf4+ 13.Ne6 Nc5 14.O-O-O Bxe6 15.
dxe6 c6 16.Be2 O-O-O 17.Bxh5 Qxe6 18.Qxf4 Rhg8 19.Rd2 Rxg2 20.Rhd1 Rxd2 
21.Rxd2 Ng4 22.Bxg4 fxg4 23.b3 Kc7 24.Kd1 Rh8 25.Re2 Qg6 26.Qd4 Rh3 27.Rd2
g3 28.hxg3 Rh1+ 29.Ke2 Qxg3 30.Rc2 Qg2+ 0-1

[Event "8th Essent op"]
[Site "Hoogeveen NED"]
[Date "2004.10.15"]
[Round "1.7"]
[White "Brodsky, Mikhail"]
[Black "Vogel, Jaap"]
[Result "1/2-1/2"]
[WhiteElo "2533"]
[BlackElo "2256"]
[EventDate "2004.10.15"]
[PlyCount "65"]

1.c4 e6 2.Nf3 Nf6 3.g3 b6 4.Bg2 Bb7 5.d4 Be7 6.Nc3 d5 7.O-O O-O 8.cxd5 
exd5 9.Qc2 Na6 10.Rd1 c6 11.Bg5 h6 12.Bxf6 Bxf6 13.a3 Nc7 14.e3 Qe7 15.Ne1
Ne6 16.b4 Rfd8 17.Qb3 Ng5 18.b5 Ne4 19.bxc6 Bxc6 20.Rac1 Qe8 21.Nd3 Nxc3 
22.Qxc3 Ba4 23.Re1 Rac8 24.Qb2 Rxc1 25.Rxc1 Bb5 26.Nb4 Bc4 27.e4 a5 28.
Nxd5 Bxd5 29.exd5 Qa4 30.Qxb6 Qxa3 31.Qc7 a4 32.Bf1 Rxd5 33.Rc5 1/2-1/2

[Event "8th Essent op"]
[Site "Hoogeveen NED"]
[Date "2004.10.15"]
[Round "1.8"]
[White "Ruijgrok, Dennis"]
[Black "Li Shilong"]
[Result "1-0"]
[WhiteElo "2255"]
[BlackElo "2526"]
[EventDate "2004.10.15"]
[PlyCount "47"]

1.e4 c5 2.Nf3 e6 3.b3 Nf6 4.e5 Nd5 5.Bb2 Nc6 6.c4 Nf4 7.g3 Ng6 8.h4 d6 9.
exd6 Qxd6 10.Nc3 h6 11.Ne4 Qc7 12.Bg2 a6 13.O-O f5 14.Nc3 Bd6 15.d4 cxd4 
16.Nd5 exd5 17.Re1+ Nge5 18.cxd5 O-O 19.dxc6 f4 20.Qxd4 Nxc6 21.Qd5+ Kh7 
22.Ng5+ hxg5 23.Be4+ g6 24.Bxg6+ 1-0

[Event "8th Essent op"]
[Site "Hoogeveen NED"]
[Date "2004.10.15"]
[Round "1.11"]
[White "l`Ami, Erwin"]
[Black "Giddins, Stephen"]
[Result "1-0"]
[WhiteElo "2516"]
[BlackElo "2248"]
[EventDate "2004.10.15"]
[PlyCount "75"]

1.e4 e6 2.d4 d5 3.Nc3 Bb4 4.e5 c5 5.a3 Bxc3+ 6.bxc3 Qc7 7.Qg4 f5 8.Qg3 
cxd4 9.cxd4 Ne7 10.Bd2 O-O 11.Bd3 b6 12.Ne2 Ba6 13.Nf4 Qd7 14.h4 Bxd3 15.
Qxd3 Nbc6 16.Rh3 Rac8 17.Rg3 Rf7 18.h5 Na5 19.Bxa5 bxa5 20.Rb1 h6 21.Qd2 
Nc6 22.c3 Nd8 23.Nd3 Qe7 24.Nc5 f4 25.Rg4 Rf5 26.Rxf4 Rxh5 27.Ke2 Qg5 28.
g3 Nc6 29.Rb7 Nd8 30.Rd7 Rh2 31.Rf8+ Kxf8 32.Rxd8+ Qxd8 33.Nxe6+ Ke7 34.
Nxd8 Rxd8 35.Qb2 Rd7 36.Qb8 Kf7 37.Ke3 Rh1 38.f4 1-0

[Event "8th Essent op"]
[Site "Hoogeveen NED"]
[Date "2004.10.15"]
[Round "1.13"]
[White "Van der Wiel, John"]
[Black "Struk, Jerzy"]
[Result "1-0"]
[WhiteElo "2493"]
[BlackElo "2237"]
[EventDate "2004.10.15"]
[PlyCount "67"]

1.e4 c5 2.Nf3 Nc6 3.d4 cxd4 4.Nxd4 e5 5.Nb5 d6 6.N1c3 a6 7.Na3 b5 8.Nd5 
Nce7 9.c4 Nxd5 10.exd5 bxc4 11.Nxc4 Nf6 12.Bd2 a5 13.Qa4+ Bd7 14.Qa3 Qb8 
15.Be2 Be7 16.Bxa5 O-O 17.Rd1 Bb5 18.b4 Qb7 19.Qb3 Nxd5 20.Nxd6 Bxd6 21.
Qxd5 Bxb4+ 22.Bxb4 Bc6 23.Qd2 Rfe8 24.a3 Bxg2 25.Rg1 Be4 26.Qd7 Qxd7 27.
Rxd7 Rec8 28.Kd2 Bf5 29.Re7 Rc2+ 30.Ke3 e4 31.Rd1 Rac8 32.Ba6 Ra8 33.Bb7 
Rb8 34.Bxe4 1-0

[Event "8th Essent op"]
[Site "Hoogeveen NED"]
[Date "2004.10.15"]
[Round "1.14"]
[White "Swinkels, Robin"]
[Black "De Vreugt, Dennis"]
[Result "1-0"]
[WhiteElo "2231"]
[BlackElo "2466"]
[EventDate "2004.10.15"]
[PlyCount "83"]

1.e4 e5 2.Nf3 Nc6 3.d4 exd4 4.Nxd4 Bc5 5.Be3 Qf6 6.Nb5 Bxe3 7.fxe3 Qd8 8.
Qg4 g6 9.Qf4 d6 10.Bc4 Ne5 11.O-O Qe7 12.N1c3 g5 13.Qf2 c6 14.Bxf7+ Kd7 
15.Nd4 Kc7 16.Bb3 Nh6 17.h3 g4 18.Qf6 Ng6 19.Ndb5+ Kd7 20.Nxd6 Rf8 21.Qd4 
Kc7 22.Rxf8 Qxf8 23.Rd1 b6 24.Nxc8 Rxc8 25.Be6 Rd8 26.Qxd8+ Qxd8 27.Rxd8 
Kxd8 28.hxg4 Ne5 29.g5 Nhg4 30.Nd1 Ke7 31.Bf5 h6 32.Bxg4 Nxg4 33.gxh6 Kf6 
34.h7 Kg7 35.Kf1 Kxh7 36.Ke2 Kg6 37.Nf2 Ne5 38.Nd3 Ng4 39.Kf3 Kg5 40.e5 
Nh2+ 41.Ke4 Ng4 42.Nb4 1-0

[Event "8th Essent op"]
[Site "Hoogeveen NED"]
[Date "2004.10.15"]
[Round "1.15"]
[White "Delemarre, Jop"]
[Black "Hamelink, Desiree"]
[Result "1/2-1/2"]
[WhiteElo "2449"]
[BlackElo "2227"]
[EventDate "2004.10.15"]
[PlyCount "41"]

1.d4 d5 2.c4 c6 3.Nf3 Nf6 4.Nc3 dxc4 5.a4 Bf5 6.Ne5 Nbd7 7.Nxc4 Qc7 8.g3 
e5 9.dxe5 Nxe5 10.Bf4 Nfd7 11.Bg2 g5 12.Ne3 gxf4 13.Nxf5 O-O-O 14.Qc2 fxg3
15.hxg3 a5 16.O-O Bb4 17.Ne4 h5 18.Rfd1 Nb6 19.Nf6 Kb8 20.b3 Ng6 21.Rxd8+ 
1/2-1/2

[Event "8th Essent op"]
[Site "Hoogeveen NED"]
[Date "2004.10.15"]
[Round "1.16"]
[White "Ahlers, Ben"]
[Black "Loffler, Stefan"]
[Result "0-1"]
[WhiteElo "2223"]
[BlackElo "2432"]
[EventDate "2004.10.15"]
[PlyCount "152"]

1.d4 Nf6 2.c4 c5 3.d5 g6 4.Nc3 Bg7 5.e4 O-O 6.Nf3 d6 7.h3 e6 8.Bd3 exd5 9.
cxd5 b5 10.Bxb5 Nxe4 11.Nxe4 Qa5+ 12.Nfd2 Qxb5 13.Nxd6 Qd3 14.Qb3 Ba6 15.
Qxd3 Bxd3 16.N2c4 Nd7 17.Kd2 Bxc4 18.Nxc4 Nb6 19.Nxb6 axb6 20.Kc2 Ra4 21.
Rd1 Rd8 22.a3 Bd4 23.Kb3 b5 24.Be3 Bxe3 25.fxe3 Re4 26.Rac1 Rxe3+ 27.Rc3 
c4+ 28.Kb4 Re2 29.Kc5 Kf8 30.Kc6 Ke8 31.d6 Rc8+ 32.Kd5 Kd7 33.Rf1 Rd2+ 34.
Ke5 Rc5+ 35.Kf6 Rxg2 36.Kxf7 Rxb2 37.Kg7 Rh5 38.Rf6 Rb3 39.Rxb3 cxb3 40.
Rf3 b2 41.Rb3 Rxh3 42.Rxb2 Rh5 43.Rd2 Rh3 44.Rd5 Rxa3 45.Rxb5 Ra7 46.Rb6 
Ke6+ 47.Kh6 Rd7 48.Rb1 Kxd6 49.Re1 Rf7 50.Re2 Re7 51.Rf2 Ke6 52.Rf1 Rd7 
53.Rf2 Ke5 54.Rf1 Rc7 55.Rf2 Ke4 56.Rf1 Ke3 57.Rg1 Kf2 58.Rg4 Rf7 59.Ra4 
Kg3 60.Rg4+ Kf3 61.Ra4 Rf4 62.Ra3+ Kg2 63.Ra2+ Kg3 64.Ra3+ Kh4 65.Ra1 Rf3 
66.Ra4+ Kg3 67.Kxh7 g5 68.Kg6 Rf4 69.Ra1 g4 70.Kg5 Rd4 71.Ra3+ Kh2 72.Ra2+
Kh3 73.Ra8 g3 74.Rh8+ Kg2 75.Ra8 Kh2 76.Rh8+ Kg1 0-1

[Event "8th Essent op"]
[Site "Hoogeveen NED"]
[Date "2004.10.15"]
[Round "1.18"]
[White "Markus, John Raymond"]
[Black "Jonkman, Harmen"]
[Result "0-1"]
[WhiteElo "2219"]
[BlackElo "2417"]
[EventDate "2004.10.15"]
[PlyCount "70"]

1.d4 d5 2.Nf3 Nf6 3.Bf4 Nh5 4.Bg3 Nxg3 5.hxg3 c6 6.c3 Bf5 7.Nbd2 Nd7 8.e3 
h6 9.Nh4 Bh7 10.f4 e6 11.g4 Nf6 12.f5 Bd6 13.Rh3 Qb6 14.Rb1 e5 15.Be2 O-O 
16.Kf1 Rae8 17.b4 Qc7 18.c4 exd4 19.exd4 Re7 20.c5 Bf4 21.g3 Bxg3 22.Ng2 
Rfe8 23.Rb3 Bf4 24.Bf3 h5 25.gxh5 Bxf5 26.Rh1 Bg5 27.Kf2 Be4 28.Bxe4 dxe4 
29.Nc4 e3+ 30.Ncxe3 Bxe3+ 31.Rxe3 Rxe3 32.Nxe3 Ne4+ 33.Kg1 Qg3+ 34.Ng2 Nc3
35.Qd2 Re2 0-1

[Event "8th Essent op"]
[Site "Hoogeveen NED"]
[Date "2004.10.15"]
[Round "1.19"]
[White "Blees, Albert"]
[Black "Bensdorp, Marlies"]
[Result "1/2-1/2"]
[WhiteElo "2408"]
[BlackElo "2214"]
[EventDate "2004.10.15"]
[PlyCount "62"]

1.d4 d5 2.c4 c6 3.Nf3 Nf6 4.Nc3 dxc4 5.a4 Bf5 6.e3 e6 7.Bxc4 Bb4 8.O-O O-O
9.Qe2 Bg4 10.h3 Bh5 11.Rd1 Qa5 12.g4 Bg6 13.Ne5 Nbd7 14.Nxg6 hxg6 15.e4 e5
16.d5 Nc5 17.dxc6 bxc6 18.f3 Rad8 19.Be3 Ncd7 20.Kg2 Nb6 21.Bb3 Bxc3 22.
bxc3 Qxc3 23.Ra3 Qb4 24.Rxd8 Rxd8 25.Qa2 Rd7 26.a5 Nc8 27.Ba4 Ne7 28.Rb3 
Qxa5 29.Rb8+ Rd8 30.Rxd8+ Qxd8 31.Bxa7 Qa5 1/2-1/2

[Event "8th Essent op"]
[Site "Hoogeveen NED"]
[Date "2004.10.15"]
[Round "1.20"]
[White "Hulshof, Peter"]
[Black "Klinova, Masha"]
[Result "1/2-1/2"]
[WhiteElo "2209"]
[BlackElo "2400"]
[EventDate "2004.10.15"]
[PlyCount "47"]

1.e4 d6 2.Nc3 e5 3.f4 Nf6 4.Nf3 Nc6 5.Bc4 Be7 6.O-O O-O 7.d3 Na5 8.Bb5 c6 
9.Ba4 b5 10.Bb3 Nxb3 11.axb3 exf4 12.Bxf4 a5 13.Kh1 d5 14.Nd4 Qb6 15.Nf5 
Bxf5 16.exf5 Rfe8 17.Qf3 Bb4 18.g4 d4 19.Ne4 Nxe4 20.dxe4 Qc5 21.e5 Rad8 
22.Rac1 Qd5 23.Qxd5 Rxd5 24.c3 1/2-1/2

[Event "8th Essent op"]
[Site "Hoogeveen NED"]
[Date "2004.10.15"]
[Round "1.21"]
[White "Hendriks, Willy"]
[Black "Van Eijk, Sander"]
[Result "0-1"]
[WhiteElo "2396"]
[BlackElo "2203"]
[EventDate "2004.10.15"]
[PlyCount "80"]

1.e4 c5 2.Nf3 Nc6 3.d4 cxd4 4.Nxd4 Nf6 5.Nc3 e5 6.Ndb5 d6 7.Bg5 a6 8.Na3 
b5 9.Bxf6 gxf6 10.Nd5 f5 11.c3 Bg7 12.exf5 Bxf5 13.Nc2 Be6 14.Be2 O-O 15.
O-O Nd4 16.Nxd4 exd4 17.Bf3 Bxd5 18.Bxd5 dxc3 19.bxc3 Rc8 20.Rc1 Rxc3 21.
Rxc3 Bxc3 22.Qg4+ Bg7 23.Rc1 Qf6 24.g3 Qe5 25.Qf3 Kh8 26.Rc6 a5 27.Rb6 b4 
28.Kg2 f5 29.Ra6 Qc3 30.Bb3 f4 31.Rxa5 fxg3 32.Qxg3 Bd4 33.Rg5 Qc6+ 34.Bd5
Qe8 35.f4 h6 36.Rg6 Qe2+ 37.Kh3 Qh5+ 38.Kg2 Qe2+ 39.Kh3 Qh5+ 40.Kg2 Qxd5+ 
0-1

[Event "8th Essent op"]
[Site "Hoogeveen NED"]
[Date "2004.10.15"]
[Round "1.22"]
[White "Dogge, Marc"]
[Black "Grooten, Herman"]
[Result "1/2-1/2"]
[WhiteElo "2202"]
[BlackElo "2391"]
[EventDate "2004.10.15"]
[PlyCount "181"]

1.e4 c6 2.d4 d5 3.Nc3 dxe4 4.Nxe4 Bf5 5.Ng3 Bg6 6.h4 h6 7.Nh3 Nf6 8.Nf4 
Bh7 9.Bc4 Nbd7 10.c3 b5 11.Bb3 e5 12.Qe2 Bd6 13.Ngh5 O-O 14.Nxf6+ Qxf6 15.
Nh5 Qg6 16.Be3 exd4 17.cxd4 Qxg2 18.O-O-O Qe4 19.Bc2 Qxc2+ 20.Qxc2 Bxc2 
21.Kxc2 g6 22.Rhg1 Kh7 23.d5 Rac8 24.Ng3 cxd5+ 25.Kb1 Bxg3 26.Rxg3 Nf6 27.
Rf3 Rc6 28.Bxa7 g5 29.hxg5 hxg5 30.Be3 Kg6 31.Rg3 Ne4 32.Rg2 Rh8 33.a3 Rd6
34.Bf4 Rdd8 35.f3 f6 36.fxe4 dxe4 37.Rdg1 Rh5 38.Bc1 Re8 39.Kc2 Re5 40.Be3
Rh3 41.Kd2 Rd5+ 42.Ke2 Kh5 43.Kf2 Rh4 44.Ke2 Kg6 45.Rc1 Rh5 46.Rcg1 Rd3 
47.Bd2 Rdh3 48.Be3 Rh2 49.b3 Rxg2+ 50.Rxg2 Rh1 51.Kd2 Kf5 52.Bd4 Ke6 53.
Be3 Kf5 54.Bd4 Ke6 55.Be3 Rh8 56.Bxg5 Rg8 57.Ke3 fxg5 58.Kxe4 Kf6 59.Rc2 
Kg6 60.Kf3 Rd8 61.Rc3 Rd4 62.Kg3 Kh5 63.b4 Rd1 64.Re3 Rg1+ 65.Kh2 Rd1 66.
Kg3 Rd5 67.Rc3 Re5 68.Rd3 Kg6 69.Kg4 Re4+ 70.Kf3 Kf5 71.Rd5+ Re5 72.Rd4 
Ke6 73.Rd8 Rd5 74.Re8+ Kf5 75.Re3 Rd4 76.Rc3 Ke5 77.Rc5+ Rd5 78.Rc3 Kd4 
79.Rc1 Ke5 80.Rc3 Kf6 81.a4 bxa4 82.Ra3 Kf5 83.Rxa4 g4+ 84.Kg3 Rd3+ 85.Kg2
Rb3 86.Kf2 Kg5 87.Kg2 Kh4 88.Ra2 Rxb4 89.Rc2 Rb3 90.Ra2 Rg3+ 91.Kh2 
1/2-1/2

[Event "8th Essent op"]
[Site "Hoogeveen NED"]
[Date "2004.10.15"]
[Round "1.23"]
[White "Hoeksema, Hendrik Pieter"]
[Black "Van Weersel, Arlette"]
[Result "1-0"]
[WhiteElo "2391"]
[BlackElo "2184"]
[EventDate "2004.10.15"]
[PlyCount "67"]

1.e4 e5 2.Nf3 Nc6 3.d4 exd4 4.Nxd4 Bc5 5.Be3 Qf6 6.c3 Nge7 7.g3 d6 8.Bg2 
Ne5 9.h3 Bd7 10.Qe2 Bb6 11.Nd2 c5 12.Nc2 Bc6 13.f4 Nd7 14.O-O Qg6 15.Bf2 
O-O 16.g4 d5 17.Ne3 dxe4 18.f5 Qd6 19.Nxe4 Bxe4 20.Bxe4 Bc7 21.Bh4 Nf6 22.
Bxb7 Rae8 23.Nc4 Ned5 24.Qg2 Qd7 25.Rad1 Bh2+ 26.Qxh2 Qxb7 27.Nd6 Qa6 28.
Nxe8 Rxe8 29.Rfe1 Rc8 30.Bxf6 Nxf6 31.Qd6 Qa5 32.g5 Nh5 33.Qd7 Rf8 34.Re8 
1-0

[Event "8th Essent op"]
[Site "Hoogeveen NED"]
[Date "2004.10.15"]
[Round "1.25"]
[White "Siebrecht, Sebastian"]
[Black "Vroombout, Enrico"]
[Result "0-1"]
[WhiteElo "2366"]
[BlackElo "2141"]
[EventDate "2004.10.15"]
[PlyCount "102"]

1.d4 Nf6 2.Nf3 g6 3.c4 Bg7 4.Nc3 d6 5.e4 O-O 6.h3 e5 7.d5 Na6 8.Bg5 Qe8 9.
g4 Nc5 10.Nd2 a5 11.b3 Kh8 12.a3 Bd7 13.b4 Nfxe4 14.Ncxe4 Nxe4 15.Nxe4 f5 
16.Bd3 fxe4 17.Bxe4 Bf6 18.Bh6 Bg7 19.Be3 Qe7 20.c5 Qh4 21.Qd2 Rf4 22.Bxf4
exf4 23.Ra2 Re8 24.Qxf4 Bb5 25.Kd1 Bh6 26.Qf3 Qg5 27.Qc3+ Bg7 28.Qc2 Ba4 
29.Qxa4 Rxe4 30.Re1 Qxd5+ 31.Rd2 Rxe1+ 32.Kxe1 Bc3 33.Qe8+ Kg7 34.Qe7+ Qf7
35.Qxf7+ Kxf7 36.cxd6 cxd6 37.bxa5 Ke6 38.Ke2 Bxd2 39.Kxd2 Ke5 40.Ke3 g5 
41.Kd3 d5 42.a4 d4 43.Ke2 Ke4 44.Kd2 Kd5 45.Kd3 Kc5 46.f4 gxf4 47.h4 Kd5 
48.g5 f3 49.h5 Ke5 50.g6 hxg6 51.h6 Kf6 0-1

[Event "8th Essent op"]
[Site "Hoogeveen NED"]
[Date "2004.10.15"]
[Round "1.26"]
[White "Rooda, Kai P"]
[Black "Spoelman, Wouter"]
[Result "0-1"]
[WhiteElo "2165"]
[BlackElo "2357"]
[EventDate "2004.10.15"]
[PlyCount "82"]

1.d4 Nf6 2.Nf3 e6 3.c4 b6 4.Nc3 Bb4 5.e3 Bb7 6.Bd3 Ne4 7.Qc2 f5 8.O-O Bxc3
9.bxc3 d6 10.Nd2 Nxd2 11.Bxd2 O-O 12.f3 Nd7 13.Rae1 Nf6 14.e4 fxe4 15.fxe4
e5 16.Bg5 c5 17.d5 h6 18.Bh4 g5 19.Bg3 Nh5 20.Rxf8+ Qxf8 21.Rf1 Qg7 22.Bf2
Nf4 23.Be3 Nxd3 24.Qxd3 Rf8 25.Re1 Ba6 26.Rb1 Qd7 27.h4 gxh4 28.Bxh6 Rf6 
29.Bc1 Qg4 30.Rb2 Qg3 31.Qxg3+ hxg3 32.Bg5 Rg6 33.Bd8 Bxc4 34.a4 Rg4 35.a5
Rxe4 36.Rb1 bxa5 37.Bxa5 Re2 38.Bc7 Bxd5 39.Bxd6 Rxg2+ 40.Kf1 Rh2 41.Bxc5 
g2+ 0-1

[Event "8th Essent op"]
[Site "Hoogeveen NED"]
[Date "2004.10.15"]
[Round "1.27"]
[White "Okkes, Menno"]
[Black "Groenewold, Jan Joris"]
[Result "1-0"]
[WhiteElo "2353"]
[BlackElo "2159"]
[EventDate "2004.10.15"]
[PlyCount "77"]

1.e4 c5 2.Nf3 e6 3.c4 Nc6 4.Nc3 Nf6 5.Be2 Qc7 6.O-O a6 7.d4 cxd4 8.Nxd4 
Be7 9.Be3 d6 10.Rc1 Nxd4 11.Qxd4 O-O 12.Na4 Bd7 13.Nb6 Rad8 14.Rfd1 Qb8 
15.Nxd7 Rxd7 16.f3 Rc8 17.Bf1 Rc6 18.Kh1 Bd8 19.Qd2 e5 20.Qf2 Be7 21.a3 
Rd8 22.b4 Nd7 23.b5 axb5 24.cxb5 Rxc1 25.Bxc1 Nc5 26.Qa2 Qa8 27.Bc4 Rf8 
28.Be3 Qa4 29.Rd2 Kh8 30.g3 Rc8 31.Be2 Nxe4 32.Rb2 d5 33.Qxd5 Qxa3 34.Qxb7
Nd6 35.Qxe7 Qxb2 36.Bf1 Qb1 37.Kg1 Nc4 38.Qd7 Ra8 39.Qc6 1-0

[Event "8th Essent op"]
[Site "Hoogeveen NED"]
[Date "2004.10.15"]
[Round "1.28"]
[White "Hendriks, Richard V"]
[Black "Brady, Stephen"]
[Result "1/2-1/2"]
[WhiteElo "2140"]
[BlackElo "2342"]
[EventDate "2004.10.15"]
[PlyCount "114"]

1.e4 e6 2.d3 d5 3.Nd2 Nf6 4.Ngf3 b6 5.g3 dxe4 6.dxe4 Bc5 7.Bd3 e5 8.Nc4 
Nc6 9.Be3 Bxe3 10.Nxe3 O-O 11.O-O Re8 12.c3 Bb7 13.Qc2 Qe7 14.Rad1 Rad8 
15.Rfe1 g6 16.b4 a6 17.Bc4 Nb8 18.Nd5 Nxd5 19.Bxd5 c6 20.Bc4 Kg7 21.h4 f6 
22.Nh2 Rxd1 23.Rxd1 Rd8 24.Rxd8 Qxd8 25.Qd3 Qxd3 26.Bxd3 c5 27.bxc5 b5 28.
Nf1 Nd7 29.Nd2 Nxc5 30.Bc2 h6 31.f3 g5 32.h5 g4 33.fxg4 Bc8 34.Bd1 Nd3 35.
a3 Nb2 36.Be2 Na4 37.c4 Nc3 38.Bf3 Bd7 39.Kf2 bxc4 40.Nxc4 Nb1 41.Be2 Bb5 
42.Ke3 Kf8 43.a4 Bxa4 44.Nd6 a5 45.Nb7 Na3 46.Nxa5 Nc2+ 47.Kd2 Nd4 48.Bd1 
Bb5 49.Ke3 Ke7 50.Nb7 Bc6 51.Nc5 Kd6 52.Nd3 Ne6 53.Ne1 Ng5 54.Bc2 Kc5 55.
Ng2 Bd7 56.Bd1 Bc6 57.Bc2 Bd7 1/2-1/2

[Event "8th Essent op"]
[Site "Hoogeveen NED"]
[Date "2004.10.15"]
[Round "1.29"]
[White "Grimm, Sascha"]
[Black "Van Lommel, Patrick"]
[Result "1-0"]
[WhiteElo "2342"]
[BlackElo "2139"]
[EventDate "2004.10.15"]
[PlyCount "101"]

1.Nf3 Nf6 2.c4 g6 3.Nc3 Bg7 4.g3 O-O 5.Bg2 d6 6.O-O c5 7.d4 Nc6 8.d5 Na5 
9.Nd2 Rb8 10.Qc2 e6 11.Rb1 exd5 12.cxd5 Re8 13.e3 b6 14.b4 cxb4 15.Rxb4 
Ba6 16.Nb5 Rc8 17.Qb1 Rc5 18.e4 Qd7 19.a4 Rec8 20.Nf3 Ne8 21.Bb2 Bxb5 22.
axb5 Rxb5 23.Bh3 f5 24.Bxg7 Rxb4 25.Qxb4 Nxg7 26.Qd2 Rc5 27.Qh6 Ne8 28.
exf5 Qg7 29.Qe3 Nc7 30.fxg6 hxg6 31.Be6+ Kh8 32.Ng5 Rc3 33.Qf4 Rc4 34.Qxd6
Nb7 35.Qa3 Nb5 36.Qd3 N7d6 37.Nf7+ Kh7 38.Ng5+ Kh8 39.h4 Rc3 40.Qd1 Qf6 
41.Re1 Ra3 42.Qg4 Ra2 43.Nh3 Nc3 44.h5 Kg7 45.hxg6 Qxg6 46.Qh4 Qf6 47.Qb4 
Nde4 48.Rxe4 Ra4 49.Rg4+ Kh6 50.Qb2 Ra1+ 51.Kg2 1-0

[Event "8th Essent op"]
[Site "Hoogeveen NED"]
[Date "2004.10.15"]
[Round "1.30"]
[White "Cako, Laszlo"]
[Black "Erwich, Marc"]
[Result "0-1"]
[WhiteElo "2137"]
[BlackElo "2336"]
[EventDate "2004.10.15"]
[PlyCount "66"]

1.e4 c5 2.Nf3 Nc6 3.d4 cxd4 4.Nxd4 Nf6 5.Nc3 e6 6.Be3 Bb4 7.Bd3 d5 8.exd5 
Nxd5 9.Nxc6 bxc6 10.Bd2 Nxc3 11.bxc3 Bd6 12.Qh5 Qc7 13.O-O g6 14.Qh4 O-O 
15.Rae1 Be7 16.Bg5 Bxg5 17.Qxg5 a5 18.a4 Ba6 19.Re3 Bxd3 20.cxd3 Rfd8 21.
Rh3 Rd5 22.Qh6 f5 23.Re1 e5 24.Qh4 Rad8 25.d4 R8d7 26.Rhe3 Qd6 27.g3 e4 
28.f3 c5 29.dxc5 Qxc5 30.fxe4 Rd1 31.Kg2 Rxe1 32.Rxe1 Rd2+ 33.Kh3 Qf2 0-1

[Event "8th Essent op"]
[Site "Hoogeveen NED"]
[Date "2004.10.15"]
[Round "1.31"]
[White "Lahaye, Rick"]
[Black "Potze, Rudolf"]
[Result "1-0"]
[WhiteElo "2330"]
[BlackElo "2129"]
[EventDate "2004.10.15"]
[PlyCount "59"]

1.Nf3 c5 2.g3 Nc6 3.Bg2 e5 4.c4 d6 5.Nc3 Nf6 6.d3 Be7 7.O-O O-O 8.a3 h6 9.
Rb1 a5 10.Ne1 Be6 11.f4 exf4 12.gxf4 Qd7 13.Nd5 Bd8 14.e3 Bh3 15.Qf3 Bxg2 
16.Qxg2 Nxd5 17.cxd5 Ne7 18.e4 f5 19.b3 Rf6 20.Kh1 Rg6 21.Qf3 a4 22.Ng2 b5
23.Nh4 Rg4 24.Nxf5 h5 25.Ne3 Rh4 26.f5 axb3 27.Ng2 Rg4 28.h3 Rxg2 29.Qxg2 
c4 30.Bb2 1-0

[Event "8th Essent op"]
[Site "Hoogeveen NED"]
[Date "2004.10.15"]
[Round "1.32"]
[White "Hensbergen, Willem"]
[Black "Afek, Yochanan"]
[Result "1/2-1/2"]
[WhiteElo "2126"]
[BlackElo "2322"]
[EventDate "2004.10.15"]
[PlyCount "83"]

1.d4 d5 2.c4 dxc4 3.Nf3 c5 4.d5 e6 5.Nc3 exd5 6.Qxd5 Qxd5 7.Nxd5 Na6 8.e4 
Ne7 9.Bxc4 Nxd5 10.exd5 Bd6 11.O-O Nc7 12.Re1+ Kf8 13.a4 f6 14.Be3 Kf7 15.
a5 Bf5 16.Rac1 b5 17.axb6 axb6 18.b4 Rhc8 19.bxc5 bxc5 20.Nd2 Ra3 21.Nb3 
Na8 22.Ra1 Rxa1 23.Rxa1 Nb6 24.Ra7+ Kg6 25.Nd2 Rb8 26.f3 Nxc4 27.Nxc4 Rb1+
28.Kf2 Bxh2 29.g4 Bd3 30.Nd2 Rd1 31.Kg2 Bg1 32.Bxg1 Rxd2+ 33.Kg3 Bb5 34.
Bxc5 Rxd5 35.Bf8 Bd7 36.Ba3 Rd3 37.Bf8 Kf7 38.Ba3 g5 39.Bb2 f5 40.gxf5 h5 
41.Ra6 g4 42.Ra3 1/2-1/2

[Event "8th Essent op"]
[Site "Hoogeveen NED"]
[Date "2004.10.15"]
[Round "1.33"]
[White "De Jong, Migchiel"]
[Black "Van der Veen, Jan"]
[Result "1/2-1/2"]
[WhiteElo "2316"]
[BlackElo "2122"]
[EventDate "2004.10.15"]
[PlyCount "85"]

1.Nf3 Nf6 2.b3 g6 3.Bb2 Bg7 4.e3 O-O 5.c4 d6 6.d4 e5 7.Nc3 Nbd7 8.Be2 c6 
9.Qc2 Re8 10.b4 exd4 11.Nxd4 c5 12.bxc5 Nxc5 13.O-O Bg4 14.Rfd1 a6 15.Bxg4
Nxg4 16.Nd5 Rc8 17.Qe2 Ne5 18.a4 Ne4 19.Rdc1 Nf6 20.Nxf6+ Bxf6 21.Rab1 Qd7
22.a5 Rc7 23.Nf3 Rec8 24.Bxe5 Bxe5 25.Rb4 Bg7 26.Qd3 Rc5 27.Rcb1 R8c7 28.
Rb6 Rxc4 29.h3 Rc1+ 30.Rxc1 Rxc1+ 31.Kh2 Rc6 32.Qd5 Rxb6 33.axb6 Qe7 34.
Qc4 Bf6 35.Qc7 Kg7 36.Nd4 Qe5+ 37.g3 Qd5 38.Nc6 Be5 39.Nd8 Qa2 40.Kg1 Qb1+
41.Kh2 Qa2 42.Kg1 Qb1+ 43.Kh2 1/2-1/2

[Event "8th Essent op"]
[Site "Hoogeveen NED"]
[Date "2004.10.15"]
[Round "1.34"]
[White "Galje, Hans"]
[Black "Pel, Bonno"]
[Result "1-0"]
[WhiteElo "2115"]
[BlackElo "2312"]
[EventDate "2004.10.15"]
[PlyCount "81"]

1.d4 g6 2.c4 Bg7 3.Nc3 d6 4.e4 Nc6 5.Be3 e5 6.Nge2 Nf6 7.f3 O-O 8.Qd2 a6 
9.d5 Na5 10.Ng3 c5 11.Be2 b5 12.cxb5 axb5 13.Rd1 b4 14.Nb1 Ne8 15.O-O Nc7 
16.Bh6 Bd7 17.Bxg7 Kxg7 18.f4 exf4 19.Qxf4 Qe7 20.Nd2 Nb7 21.Bc4 f6 22.Rf3
Nd8 23.Rdf1 Ne8 24.R3f2 Nf7 25.Nf3 Ne5 26.Nxe5 dxe5 27.Qh4 Nd6 28.b3 Ra7 
29.Rc1 Rfa8 30.Rcc2 Ra5 31.Bd3 Rf8 32.Bc4 Qf7 33.Bd3 Bc8 34.Rc1 Qa7 35.
Rcc2 Bd7 36.Kh1 Bb5 37.Bxb5 Nxb5 38.Qg4 Nc3 39.Nh5+ Kh8 40.Rxf6 Rxf6 41.
Qc8+ 1-0

[Event "8th Essent op"]
[Site "Hoogeveen NED"]
[Date "2004.10.15"]
[Round "1.35"]
[White "Ris, Robert"]
[Black "Westerkamp, Bert"]
[Result "1-0"]
[WhiteElo "2300"]
[BlackElo "2115"]
[EventDate "2004.10.15"]
[PlyCount "79"]

1.e4 e5 2.Nf3 Nc6 3.Bb5 a6 4.Ba4 Nf6 5.O-O Be7 6.Re1 b5 7.Bb3 d6 8.c3 O-O 
9.d4 Bg4 10.Be3 exd4 11.cxd4 Na5 12.Bc2 Nc4 13.Bc1 c5 14.b3 Nb6 15.Bb2 Rc8
16.Nbd2 Re8 17.h3 Bh5 18.a4 c4 19.bxc4 Nxc4 20.Nxc4 bxc4 21.g4 Bg6 22.d5 
Bf8 23.Qd4 Qc7 24.Bc3 Rb8 25.Nd2 Nd7 26.Rab1 f6 27.Rxb8 Rxb8 28.Rb1 Rc8 
29.a5 Be7 30.Kg2 Bd8 31.Ba4 Ne5 32.Qb6 Nd3 33.Qxc7 Bxc7 34.Bd7 Rb8 35.
Rxb8+ Bxb8 36.f3 Nc5 37.Bc6 Bc7 38.Nxc4 Bxe4 39.fxe4 Nxe4 40.Bb4 1-0

[Event "8th Essent op"]
[Site "Hoogeveen NED"]
[Date "2004.10.15"]
[Round "1.36"]
[White "Knol, Geon"]
[Black "Van Wissen, Michiel"]
[Result "0-1"]
[WhiteElo "2110"]
[BlackElo "2297"]
[EventDate "2004.10.15"]
[PlyCount "58"]

1.e4 e6 2.d4 d5 3.Bd3 dxe4 4.Bxe4 Nf6 5.Bf3 c5 6.Ne2 cxd4 7.Qxd4 Nbd7 8.
Qa4 Be7 9.O-O O-O 10.Bf4 e5 11.Be3 Nb6 12.Bxb6 Qxb6 13.Nbc3 Be6 14.g3 Rac8
15.Rac1 a6 16.Nd1 Rfd8 17.c3 Rd2 18.Re1 Qa7 19.c4 Bc5 20.Qa5 Rcd8 21.Bd5 
R2xd5 22.cxd5 Rxd5 23.Qa4 h6 24.Nec3 Rd2 25.Re2 b5 26.Qh4 Rd4 27.Ne4 Be7 
28.Rec2 Rxe4 29.Rc7 Qa8 0-1

[Event "8th Essent op"]
[Site "Hoogeveen NED"]
[Date "2004.10.15"]
[Round "1.37"]
[White "Pruijssers, Roeland"]
[Black "Hemminga, Fokko"]
[Result "1-0"]
[WhiteElo "2295"]
[BlackElo "2089"]
[EventDate "2004.10.15"]
[PlyCount "47"]

1.e4 c6 2.d4 d5 3.Nc3 dxe4 4.Nxe4 Bf5 5.Ng3 Bg6 6.h4 h6 7.Nh3 e6 8.Nf4 Bh7
9.Be3 Nf6 10.Bd3 Bxd3 11.Qxd3 Nbd7 12.Nfe2 Be7 13.O-O-O Ng4 14.Nh5 O-O 15.
Nef4 Ndf6 16.Nxf6+ Bxf6 17.Qe4 Re8 18.Nh5 Nxe3 19.fxe3 Be7 20.Qg4 g6 21.
Rdf1 Qd5 22.Rxf7 Qxh5 23.Qxe6 Bg5 24.Re7+ 1-0